000 00508nam a2200169Ia 4500
003 GCL
008 140319s9999 xx 000 0 ara d
040 _aGCL /
_cGCL
082 0 4 _a813.03
_bع ت
100 1 _aعبدالودود الامين
245 1 0 _aترانيم فى علم النفس والاخلاق:رواية للفتيات و الشباب /
_cعبدالودود الامين
300 _a230 ص
490 _a
650 0 4 _aالادب العربى
650 0 4 _aالقصص
942 _2ddc
_cBK
999 _c44219
_d44219